000 00394cam a2200169ua 4500
020 _c3.00
041 _ahin
_h
082 _a891.54
_bVHI/AT
100 _aVhiyar, K.C .
245 _aAthunik samvithan /
_cK.C Vhiyar.
_hTextual Documents
260 _aDelhi :
_bRajkamal Prakash ,
_c1956.
300 _a176 ; .
365 _a3.00
504 _a
942 _cBK
999 _c8109
_d8109